[Event "It (cat.4)"]
[Site "masterchessopen.com Santa Cruz (Bolivia)"]
[Date "2008.04.21"]
[Round "3"]
[White "Trois Francisco R T (BRA)"]
[Black "Sustach Marcos Antonio (BOL)"]
[Result "1-0"]
[WhiteElo "2342"]
[BlackElo "2238"]

1.d4 Nf6 2.Nf3 e6 3.g3 b6 4.Bg2 Bb7 5.c4 Bb4+ 6.Bd2 Be7 7.O-O c5 8.d5 exd5
9.Nh4 Qc8 10.cxd5 Nxd5 11.Nf5 Bf8 12.e4 Nc7 13.Bf4 g6 14.Nd6+ Bxd6 15.Qxd6 Ne6
16.Be5 Rg8 17.Bf6 Nc6 18.Nc3 Qb8 19.Qd2 Ncd4 20.f4 Qd6 21.Rad1 Nd8 22.Be5 Qe7
23.Nd5 Bxd5 24.exd5 {#r} 1-0

[Event "Ch France (team) 2008"]
[Site "masterchessopen.com France"]
[Date "2008.05.29"]
[Round "8"]
[White "Clery Nicolas (FRA)"]
[Black "Le Roy Brice (FRA)"]
[Result "0-1"]
[WhiteElo "2349"]
[BlackElo "2307"]

1.d4 Nf6 2.c4 e6 3.Nf3 b6 4.g3 Bb7 5.Bg2 Bb4+ 6.Nbd2 O-O 7.O-O Be7 8.Qc2 d5
9.cxd5 exd5 10.Ne5 Na6 11.Nc6 Nb4 12.Nxb4 Bxb4 13.Nf3 Be7 14.Rd1 c5 15.dxc5
bxc5 16.Ne5 Qb6 17.Bg5 Rfd8 18.Nd3 c4 19.Nf4 Ng4 20.Bxe7 Nxf2 21.e3 Nxd1
22.Bxd8 Qxe3+ 23.Kf1 Qxf4+ 24.gxf4 Ne3+ 25.Kf2 Nxc2 26.Rc1 Nb4 {#R} 0-1

[Event "Ch Bosnia & Herzegovina (team)"]
[Site "masterchessopen.com Neum (Bosnia & Herzegovina)"]
[Date "2008.06.07"]
[Round "4"]
[White "Saric Ante (CRO)"]
[Black "Savic Miodrag R (SRB)"]
[Result "1-0"]
[WhiteElo "2505"]
[BlackElo "2522"]

1.Nf3 Nf6 2.c4 e6 3.g3 b6 4.Bg2 Bb7 5.d4 Bb4+ 6.Bd2 a5 7.O-O O-O 8.Nc3 Qc8
9.Rc1 d6 10.d5 exd5 11.Nxd5 Nxd5 12.cxd5 Bxd2 13.Qxd2 Na6 14.e4 Nc5 15.Rfe1
Qd7 16.Nd4 Rad8 17.b3 c6 18.a3 cxd5 19.exd5 Rde8 20.b4 axb4 21.axb4 Na6 22.Nc6
b5 23.Qd4 Qc7 24.Re4 Rxe4 25.Bxe4 f5 26.Bd3 Qd7 27.Qb6 f4 28.Bxb5 fxg3 29.hxg3
Qf7 30.Nd8 Qf3 31.Nxb7 Nxb4 32.Qe3 {#r} 1-0

[Event "It (open) \"]
[Site "masterchessopen.com Helsingor (Denmark)"]
[Date "2008.07.20"]
[Round "2"]
[White "Svendsen Peter (DEN)"]
[Black "Gill Wiliam Desmond"]
[Result "1-0"]
[WhiteElo "2007"]
[BlackElo "1800"]

1.d4 Nf6 2.c4 e6 3.Nf3 b6 4.g3 Bb7 5.Bg2 Bb4+ 6.Bd2 Be7 7.Nc3 O-O 8.Qc2 d5
9.Ne5 Nbd7 10.O-O c5 11.cxd5 exd5 12.Bf4 Rc8 13.dxc5 Nxc5 14.Qd1 Nce4 15.Nb5
a6 16.Nd4 Nd6 17.Bh3 Rc7 18.Rc1 Nh5 19.Nec6 Qe8 20.Nxe7+ Qxe7 21.Nf5 Nxf5
22.Bxc7 Ne3 23.fxe3 Qxe3+ 24.Rf2 d4 25.Bg2 Bxg2 26.Kxg2 Rc8 27.Qb3 Nf6 28.Qxe3
{#r} 1-0

[Event "It (open) \"]
[Site "masterchessopen.com Helsingor (Denmark)"]
[Date "2008.07.20"]
[Round "3"]
[White "Tsiolakidis Anastasios (GRE)"]
[Black "Svendsen Peter (DEN)"]
[Result "1-0"]
[WhiteElo "2348"]
[BlackElo "2007"]

1.Nf3 Nf6 2.d4 e6 3.g3 b6 4.Bg2 Bb7 5.c4 Bb4+ 6.Bd2 Be7 7.O-O O-O 8.Nc3 d5
9.Ne5 Nbd7 10.Qa4 Nxe5 11.dxe5 Nd7 12.cxd5 Nxe5 13.Bf4 Bf6 14.dxe6 Bxg2
15.exf7+ Rxf7 16.Kxg2 Qc8 17.Rad1 Ng6 18.Bc1 Re7 19.Rfe1 Bxc3 20.bxc3 Qb7+
21.e4 c5 22.Qc4+ Kh8 23.Bg5 Re5 24.f4 Ree8 25.f5 Ne5 26.Qd5 Qa6 27.f6 {#r} 1-0

[Event "It (open) \"]
[Site "masterchessopen.com Volgodonsk (Russia)"]
[Date "2008.07.21"]
[Round "4"]
[White "Azarov Vladimir (RUS)"]
[Black "Denisenko Denis (RUS)"]
[Result "1-0"]
[WhiteElo "2080"]
[BlackElo "2202"]

1.d4 Nf6 2.Nf3 e6 3.g3 b6 4.Bg2 Bb7 5.c4 Bb4+ 6.Nbd2 c5 7.O-O cxd4 8.Nb3 O-O
9.Nbxd4 Qc8 10.Qa4 Bc5 11.Bf4 Nh5 12.Be3 Nc6 13.Rfd1 Nxd4 14.Bxd4 Bc6 15.Qb3
Bxd4 16.Nxd4 Bxg2 17.Kxg2 Nf6 18.Nb5 d5 19.cxd5 Nxd5 20.Rac1 Qb7 21.e4 Nf6
22.f3 a6 23.Nd6 Qa7 24.Rc6 b5 25.Qc3 Rfd8 26.Nc8 {#r} 1-0

[Event "It (cat.8)"]
[Site "masterchessopen.com Haarlem (Netherlands)"]
[Date "2008.08.17"]
[Round "9"]
[White "Peng Zhaoqin (NED)"]
[Black "Van Vliet Jeffrey (NED)"]
[Result "0-1"]
[WhiteElo "2455"]
[BlackElo "2287"]

1.d4 Nf6 2.Nf3 e6 3.c4 b6 4.g3 Bb7 5.Bg2 Bb4+ 6.Nbd2 O-O 7.O-O d5 8.cxd5 Bxd5
9.Qc2 Bxd2 10.Bxd2 Nbd7 11.b4 Rc8 12.a4 c5 13.dxc5 bxc5 14.b5 Qb6 15.Rfc1 Qb7
16.Ne1 Bxg2 17.Nxg2 Ne4 18.Be1 Rfd8 19.Ne3 Ne5 20.h4 c4 21.Qb2 f6 22.Qb4 Nc5
23.Nxc4 Ncd3 24.Nd6 Qd7 25.exd3 Rxc1 {#R} 0-1

[Event "Ch Bosnia & Herzegovina (team) (1 liga) (a)"]
[Site "masterchessopen.com Neum (Bosnia & Herzegovina)"]
[Date "2008.08.23"]
[Round "1"]
[White "Bajramovic Halid (BIH)"]
[Black "Ascic Pero (CRO)"]
[Result "1-0"]
[WhiteElo "2206"]
[BlackElo "2343"]

1.d4 Nf6 2.c4 e6 3.Nf3 b6 4.g3 Bb7 5.Bg2 Bb4+ 6.Bd2 Be7 7.Nc3 O-O 8.O-O d6
9.Qc2 Nbd7 10.Rfd1 Qc8 11.e4 e5 12.Nd5 Bd8 13.Bc3 Re8 14.Rd2 c5 15.dxe5 Nxd5
16.exd5 dxe5 17.Bh3 Bf6 18.Re2 Qc7 19.Rae1 b5 20.b3 bxc4 21.bxc4 h6 22.Re4 Qd6
23.Nd2 Be7 24.Bxe5 Nxe5 25.Rxe5 g6 26.Re6 Qc7 27.Rxg6+ Kf8 28.Rxh6 Kg7 29.Qh7+
{#r} 1-0

[Event "Ch Montenegro (team) (Premier League)"]
[Site "masterchessopen.com Herceg Novi (Montenegro)"]
[Date "2008.08.29"]
[Round "5"]
[White "Kosic Dragan (MNE)"]
[Black "Draganic Veljko (MNE)"]
[Result "1-0"]
[WhiteElo "2511"]
[BlackElo "2293"]

1.Nf3 Nf6 2.g3 b6 3.Bg2 Bb7 4.c4 e6 5.d4 Bb4+ 6.Bd2 Bxd2+ 7.Qxd2 O-O 8.O-O d6
9.Nc3 Ne4 10.Nxe4 Bxe4 11.Qe3 d5 12.Rac1 Nd7 13.Rfd1 c6 14.Qa3 a5 15.cxd5 cxd5
16.Ne1 Nf6 17.Rc6 b5 18.Qc5 Bxg2 19.Kxg2 Ne4 20.Qc2 b4 21.Nd3 Qe8 22.Rc7 Qd8
23.Qc6 h5 24.f3 Nf6 25.Ne5 h4 26.g4 Nh7 27.e3 Ng5 28.Rc1 h3+ 29.Kf2 Qf6 30.Ke2
Qh6 31.f4 Ne4 {#r} 1-0

[Event "It (open)"]
[Site "masterchessopen.com Borup (Denmark)"]
[Date "2008.09.05"]
[Round "1"]
[White "De Verdier Michael (SWE)"]
[Black "Hein Jacob (DEN)"]
[Result "1-0"]
[WhiteElo "2169"]
[BlackElo "1583"]

1.d4 Nf6 2.Nf3 b6 3.g3 Bb7 4.Bg2 e6 5.c4 Bb4+ 6.Nbd2 Ne4 7.O-O Nxd2 8.Bxd2
Bxd2 9.Qxd2 O-O 10.d5 d6 11.e4 Qf6 12.Nd4 a6 13.dxe6 fxe6 14.e5 dxe5 15.Bxb7
Ra7 16.Nxe6 Qxe6 17.Bd5 Qxd5 18.Qxd5+ Kh8 19.Rad1 c5 20.Qd8 Rf7 21.Qxb6 Nd7
22.Rxd7 Rxd7 23.Qxc5 {#r} 1-0

[Event "Ch European Union"]
[Site "masterchessopen.com Liverpool (England)"]
[Date "2008.09.09"]
[Round "1"]
[White "Wells Peter K (ENG)"]
[Black "Czaja Wojciech (POL)"]
[Result "1-0"]
[WhiteElo "2516"]
[BlackElo "2012"]

1.d4 e6 2.c4 Nf6 3.Nf3 b6 4.g3 Bb7 5.Bg2 Bb4+ 6.Bd2 Bxd2+ 7.Qxd2 O-O 8.O-O d5
9.cxd5 exd5 10.Nc3 Na6 11.Rfd1 Qe7 12.Nh4 Rfd8 13.Rac1 c6 14.Nf5 Qf8 15.e4 Nc7
16.Nxd5 Nfxd5 17.exd5 Nxd5 18.Re1 Kh8 19.h4 g6 20.Nh6 Rd6 21.Re5 Bc8 22.Rxc6
Be6 23.Rxe6 Rxe6 24.Bxd5 Rxc6 25.Nxf7+ Kg7 26.Qh6+ Kf6 27.Qf4+ Kg7 28.Bxc6 Rc8
29.Qe5+ {#r} 1-0

[Event "Ch Europe (juniors) (under 18)"]
[Site "masterchessopen.com Herceg Novi (Montenegro)"]
[Date "2008.09.16"]
[Round "2"]
[White "Jabandzic Irfan (BIH)"]
[Black "Botta Gabriele (SUI)"]
[Result "0-1"]
[WhiteElo "2123"]
[BlackElo "2186"]

1.d4 Nf6 2.c4 e6 3.Nf3 b6 4.g3 Bb7 5.Bg2 Bb4+ 6.Bd2 Be7 7.O-O O-O 8.Nc3 d5
9.cxd5 exd5 10.Ne5 Nbd7 11.Nxd7 Qxd7 12.Qb3 c5 13.dxc5 bxc5 14.e3 Rab8 15.Qc2
d4 16.Ne4 Nxe4 17.Bxe4 Bxe4 18.Qxe4 Rxb2 19.Bc1 Rb6 20.exd4 Bf6 21.Ba3 Re8
22.Qc2 cxd4 23.Rad1 h5 24.h4 Qh3 25.Rd3 Rbe6 26.Bb2 Re1 {#R} 0-1

[Event "It (open)"]
[Site "masterchessopen.com San Sebastian (Spain)"]
[Date "2008.09.24"]
[Round "6"]
[White "Lakunza Juan Carlos (ESP)"]
[Black "Meijers Viesturs (LAT)"]
[Result "0-1"]
[WhiteElo "2121"]
[BlackElo "2514"]

1.d4 e6 2.c4 b6 3.Nf3 Bb7 4.g3 Nf6 5.Bg2 Bb4+ 6.Bd2 a5 7.O-O O-O 8.Bg5 Be7
9.Nc3 Ne4 10.Bxe7 Qxe7 11.Nxe4 Bxe4 12.Qc1 f5 13.Rd1 d6 14.Qe3 Nd7 15.Rac1
Rae8 16.a3 a4 17.Qc3 Rf6 18.Qb4 Ra8 19.Ne5 c5 20.Qb5 dxe5 21.Bxe4 fxe4 22.dxe5
Nxe5 23.Qxb6 Raf8 {#R} 0-1

[Event "Ch Region (open)"]
[Site "masterchessopen.com Nizhnij Novgorod (Russia)"]
[Round "0"]
[White "Svetlov Dmitry (RUS)"]
[Black "Chubarov Yuri (RUS)"]
[Result "1-0"]
[WhiteElo "2327"]
[BlackElo "2093"]

1.d4 Nf6 2.Nf3 e6 3.c4 b6 4.g3 Bb7 5.Bg2 Bb4+ 6.Bd2 Be7 7.Nc3 Ne4 8.d5 Nxc3
9.Bxc3 Bf6 10.Rc1 O-O 11.O-O Bxc3 12.Rxc3 d6 13.dxe6 fxe6 14.Re3 e5 15.Ng5
Bxg2 16.Kxg2 Kh8 17.Ne6 Qe7 18.Nxf8 Qxf8 19.f4 e4 20.Qd5 Nd7 21.Qxe4 Nf6
22.Qe7 Qc8 23.Qf7 Qb7+ 24.Rff3 Rg8 25.Re7 Qa8 26.Qe6 Qc6 27.g4 h5 28.g5 Qc5
29.gxf6 gxf6+ 30.Rg3 {#r} 1-0

[Event "World Mindsports Games (Active Team w)"]
[Site "masterchessopen.com Beijing (China)"]
[Date "2008.10.16"]
[Round "7"]
[White "Mira Helene (AUT)"]
[Black "Mushin D"]
[Result "1-0"]
[WhiteElo "2115"]
[BlackElo "1830"]

1.Nf3 Nf6 2.c4 e6 3.d4 b6 4.g3 Bb7 5.Bg2 Bb4+ 6.Bd2 Be7 7.O-O O-O 8.b3 c5
9.Bc3 cxd4 10.Bxd4 Nc6 11.Bb2 Rc8 12.Nc3 Bc5 13.Na4 Qe7 14.Nxc5 bxc5 15.Re1
Rfd8 16.e4 e5 17.Nd2 Nd4 18.Nb1 Rc6 19.Nc3 Bc8 20.Nd5 Qd6 21.f4 Re8 22.Qd2
Nxd5 23.exd5 Ra6 24.Bxd4 cxd4 25.fxe5 Rxe5 26.Rxe5 Qxe5 27.Re1 Qxe1+ 28.Qxe1
Kf8 29.Qb4+ Ke8 30.Qc5 Kd8 31.Qxd4 {#r} 1-0

[Event "Ch Germany (juniors) (team)"]
[Site "masterchessopen.com Dresden (Germany)"]
[Date "2008.11.15"]
[Round "3"]
[White "Mueller Reinhold (GER)"]
[Black "Koelsch Maximilian (GER)"]
[Result "0-1"]
[WhiteElo "2228"]
[BlackElo "2156"]

1.d4 Nf6 2.c4 e6 3.Nf3 b6 4.g3 Bb7 5.Bg2 Bb4+ 6.Bd2 Be7 7.O-O c5 8.dxc5 bxc5
9.Nc3 O-O 10.Qc2 Nc6 11.Rfd1 Rc8 12.Bf4 Qb6 13.Na4 Qa6 14.b3 d5 15.cxd5 Nb4
16.Qb2 Nfxd5 17.Bg5 f6 18.a3 fxg5 19.axb4 Bf6 20.Ne5 Qd6 21.f4 gxf4 22.gxf4
Qc7 23.Bxd5 Bxd5 24.Nxc5 g5 25.Qd4 gxf4 26.Ncd3 Qg7+ 27.Kf1 Qg2+ 28.Ke1 Rc2
29.Rd2 Qh1+ {#R} 0-1

[Event "Ch Europe (active)"]
[Site "masterchessopen.com Warsaw (Poland)"]
[Date "2008.12.20"]
[Round "4"]
[White "Beinoras Martynas (LTU)"]
[Black "Fedorchuk Sergey A (UKR)"]
[Result "0-1"]
[WhiteElo "2434"]
[BlackElo "2603"]

1.d4 Nf6 2.c4 e6 3.Nf3 b6 4.g3 Bb7 5.Bg2 Bb4+ 6.Nbd2 c5 7.dxc5 Bxc5 8.O-O O-O
9.a3 Be7 10.b3 d5 11.Bb2 Nbd7 12.Nd4 Nc5 13.b4 Nce4 14.Nxe4 Nxe4 15.cxd5 Qxd5
16.f3 Nd6 17.e4 Qh5 18.Rc1 Rac8 19.Qa4 e5 20.Qd7 Rxc1 21.Bxc1 Bf6 22.Nc6 Ba6
23.Qxd6 Bxf1 24.Kxf1 Qxh2 25.Bb2 Qxg3 26.Bxe5 Bxe5 27.Nxe5 Rc8 28.Nc4 Qg5
29.Nd2 Qe3 {#R} 0-1

[Event "It (open) \"]
[Site "masterchessopen.com Schwabisch Gmund (Germany)"]
[Date "2009.01.02"]
[Round "1"]
[White "Schloetzer Waldemar (GER)"]
[Black "Bergner Philipp (GER)"]
[Result "1-0"]
[WhiteElo "2256"]
[BlackElo "1867"]

1.d4 Nf6 2.Nf3 e6 3.c4 b6 4.g3 Bb7 5.Bg2 Bb4+ 6.Nbd2 c5 7.a3 Bxd2+ 8.Qxd2 Qc7
9.O-O d6 10.Rd1 O-O 11.dxc5 dxc5 12.b3 Nbd7 13.Bb2 Rad8 14.Qg5 Ba6 15.Rxd7
{#r} 1-0

[Event "It (open) \"]
[Site "masterchessopen.com Schwabisch Gmund (Germany)"]
[Date "2009.01.03"]
[Round "4"]
[White "Burmakin Vladimir (RUS)"]
[Black "Sergin Mark (GER)"]
[Result "1-0"]
[WhiteElo "2627"]
[BlackElo "2167"]

1.d4 Nf6 2.Nf3 e6 3.g3 b6 4.Bg2 Bb7 5.c4 Bb4+ 6.Bd2 Be7 7.Nc3 c5 8.d5 exd5
9.Nh4 Ne4 10.Nf5 O-O 11.cxd5 Nxc3 12.bxc3 d6 13.O-O Nd7 14.Bf4 Nf6 15.e4 Bc8
16.Nxe7+ Qxe7 17.e5 Ne8 18.Re1 Qc7 19.Qe2 Bf5 20.exd6 Qd7 21.Qe7 Rd8 22.Qxd7
Rxd7 23.Re7 Nf6 24.Rae1 Rfd8 25.Bf1 {#r} 1-0

[Event "It (open)"]
[Site "masterchessopen.com Tenerife (Spain)"]
[Date "2009.01.13"]
[Round "8"]
[White "Martin Luis Cesar (ESP)"]
[Black "Rodriguez Falcon Jesus Manuel (ESP)"]
[Result "1-0"]
[WhiteElo "2167"]
[BlackElo "1938"]

1.d4 Nf6 2.Nf3 e6 3.c4 b6 4.g3 Bb7 5.Bg2 Bb4+ 6.Bd2 Be7 7.O-O O-O 8.Nc3 c5
9.Bg5 d6 10.Qc2 h6 11.Bxf6 Bxf6 12.dxc5 dxc5 13.Ng5 Bxg5 14.Bxb7 Nd7 15.Bxa8
Qxa8 16.Rad1 Qb7 17.Qe4 Qc8 18.Nb5 a6 19.Nd6 {#r} 1-0

[Event "Memorial Juan Mila (open) (w)"]
[Site "masterchessopen.com Bogota (Colombia)"]
[Round "5"]
[White "Rua Nora (COL)"]
[Black "Matta Paola Andrea (COL)"]
[Result "0-1"]
[WhiteElo "1995"]
[BlackElo "2046"]

1.d4 Nf6 2.c4 e6 3.Nf3 b6 4.g3 Bb7 5.Bg2 Bb4+ 6.Bd2 Be7 7.O-O O-O 8.Nc3 c5
9.dxc5 Bxc5 10.a3 a5 11.Bf4 d5 12.cxd5 exd5 13.Nd4 Na6 14.Ncb5 Qd7 15.Qd3 Ne4
16.Nb3 Rad8 17.Rad1 f5 18.N5d4 a4 19.Nxc5 bxc5 20.Nf3 Qe7 21.Qb5 Qd7 22.Qxd7
Rxd7 23.Nd2 Bc6 24.Nxe4 fxe4 25.Bh3 Rdd8 26.Be6+ Kh8 27.Bg5 Rd6 28.Be7 Rxe6
29.Bxf8 Kg8 30.f3 e3 31.Bxc5 Nxc5 {#R} 0-1

[Event "Tournament (open)"]
[Site "masterchessopen.com Kimry (Russia)"]
[Date "2009.06.13"]
[Round "5"]
[White "Torlopov Nikita (RUS)"]
[Black "Makhnev Yuri (RUS)"]
[Result "1-0"]
[WhiteElo "2020"]
[BlackElo "1881"]

1.c4 Nf6 2.d4 e6 3.Nf3 b6 4.g3 Bb7 5.Bg2 Bb4+ 6.Bd2 Be7 7.O-O O-O 8.Nc3 d5
9.Ne5 c6 10.Bf4 Nbd7 11.e4 dxc4 12.Nxc4 Ba6 13.b3 Bb4 14.Ne2 Nh5 15.Bd2 Bxd2
16.Qxd2 Nhf6 17.Rfd1 Qe7 18.f4 Rad8 19.e5 Nd5 20.Nc3 b5 21.Nxd5 cxd5 22.Nd6
Nb6 23.Qa5 Bc8 24.Qxb5 Bd7 25.Qa5 Bc6 26.Rac1 Ba8 27.Rc2 Nc8 28.Rc7 Rd7
29.Rxc8 {#r} 1-0

[Event "It (open)"]
[Site "masterchessopen.com Galapagar (Spain)"]
[Date "2009.07.18"]
[Round "1"]
[White "Nieto Esteban Manuel (ESP)"]
[Black "Adan Bermudez Sergio (ESP)"]
[Result "0-1"]
[WhiteElo "1809"]
[BlackElo "2265"]

1.d4 Nf6 2.Nf3 e6 3.c4 b6 4.g3 Bb7 5.Bg2 Bb4+ 6.Bd2 a5 7.O-O O-O 8.a3 Be7
9.Nc3 Ne4 10.Qc2 f5 11.Ne1 Nxc3 12.Bxc3 Bxg2 13.Nxg2 d5 14.Nf4 Rf6 15.cxd5
exd5 16.Rfc1 c6 17.Nd3 Qe8 18.Bd2 Bd6 19.Bf4 Bxf4 20.Nxf4 g5 21.Nd3 Nd7 22.e3
Rh6 23.Re1 Nf6 24.Ne5 Qh5 25.f4 Ne4 26.Qg2 Re8 27.Rac1 Ree6 28.Qf3 Qxh2+ {#R}
0-1

[Event "Ch Continental Americas"]
[Site "masterchessopen.com Sao Paulo (Brazil)"]
[Date "2009.07.25"]
[Round "1"]
[White "Dias Anderson T (BRA)"]
[Black "Riboldi Mario Garcia (BRA)"]
[Result "1-0"]
[WhiteElo "2199"]
[BlackElo "1696"]

1.d4 Nf6 2.c4 e6 3.Nf3 b6 4.g3 Bb7 5.Bg2 Bb4+ 6.Nbd2 O-O 7.O-O Nc6 8.Qc2 d5
9.cxd5 exd5 10.e3 Re8 11.b3 Bd6 12.a3 a5 13.Bb2 Qd7 14.Rfc1 Rac8 15.Ng5 g6
16.Bh3 Ng4 17.f3 h5 18.fxg4 hxg4 19.Rf1 f5 20.Bg2 Be7 21.h4 Qd6 22.Rf4 Bxg5
23.hxg5 Rxe3 24.Nf1 Rxg3 25.Rf2 Kg7 26.Nxg3 Qxg3 27.Qc3 Rh8 28.Qxg3 {#r} 1-0

[Event "Ch Poland (team) (1 liga)"]
[Site "masterchessopen.com Ustron (Poland)"]
[Date "2009.09.18"]
[Round "7"]
[White "Stachowiak Kamil (POL)"]
[Black "Wlodarczyk Oskar (POL)"]
[Result "1-0"]
[WhiteElo "2412"]
[BlackElo "2298"]

1.Nf3 Nf6 2.d4 e6 3.g3 b6 4.Bg2 Bb7 5.c4 Bb4+ 6.Bd2 Be7 7.O-O O-O 8.Nc3 Ne4
9.d5 Nxd2 10.Nxd2 exd5 11.cxd5 d6 12.Rc1 a6 13.Nb3 Nd7 14.Nd4 Bf6 15.Re1 g6
16.e4 Bg7 17.Nce2 Re8 18.Qc2 Rc8 19.b4 Nf6 20.Qd3 Qe7 21.f3 Bh6 22.Rc2 Ra8
23.Bh3 a5 24.b5 Nxe4 25.fxe4 Qxe4 26.Qxe4 Rxe4 27.Bg2 Be3+ 28.Kh1 Bxd5 29.Nc3
Rxd4 30.Nxd5 Bd2 31.Rd1 {#r} 1-0

[Event "Bundesliga B East 2009/10"]
[Site "masterchessopen.com Austria"]
[Date "2009.11.15"]
[Round "4"]
[White "Stadler Peter (AUT)"]
[Black "Gattermayer Robert (AUT)"]
[Result "1-0"]
[WhiteElo "2169"]
[BlackElo "2087"]

1.d4 Nf6 2.Nf3 e6 3.c4 b6 4.g3 Bb7 5.Bg2 Bb4+ 6.Bd2 a5 7.O-O O-O 8.Bf4 Re8
9.a3 Bf8 10.Qc2 Be4 11.Qd2 d6 12.Nc3 Bb7 13.Qc2 Nbd7 14.Rad1 Rc8 15.b4 axb4
16.axb4 Nh5 17.Ng5 f5 18.Bxb7 Nxf4 19.gxf4 Rb8 20.Bc6 h6 21.Nf3 g5 22.d5 gxf4
23.dxe6 Rxe6 24.Qxf5 Re7 25.Kh1 Bg7 26.Bd5+ Kh8 27.Ne4 Ne5 28.Rg1 c6 29.Nf6
{#r} 1-0

[Event "It (open)"]
[Site "masterchessopen.com Marseilles (France)"]
[Date "2009.12.29"]
[Round "7"]
[White "Marzolo Cyril (FRA)"]
[Black "Fayette Sylvain (FRA)"]
[Result "1-0"]
[WhiteElo "2443"]
[BlackElo "2023"]

1.d4 Nf6 2.c4 e6 3.Nf3 b6 4.g3 Bb7 5.Bg2 Bb4+ 6.Bd2 Bxd2+ 7.Qxd2 O-O 8.O-O d6
9.Qc2 Nbd7 10.Nc3 Qe7 11.e4 Rfc8 12.e5 Ne8 13.Ng5 {#r} 1-0

[Event "It (open) (b)"]
[Site "masterchessopen.com Robecchetto (Italy)"]
[Date "2009.12.29"]
[Round "4"]
[White "Barazza Remo (ITA)"]
[Black "Sala Gianni (ITA)"]
[Result "0-1"]
[WhiteElo "1609"]
[BlackElo "2002"]

1.d4 Nf6 2.c4 e6 3.Nf3 b6 4.g3 Bb7 5.Bg2 Bb4+ 6.Nbd2 d5 7.cxd5 Bxd2+ 8.Nxd2
exd5 9.O-O O-O 10.Nf3 Re8 11.Bd2 Nbd7 12.Rc1 c5 13.b3 h6 14.Re1 Ne4 15.e3 Ndf6
16.Bc3 Nxc3 17.Rxc3 Ne4 18.Rc2 Rc8 19.Qc1 Qf6 20.Qa3 a6 21.Rec1 Qf5 22.Nh4 Qe6
23.dxc5 Nxc5 24.Nf3 Qf6 25.Nd4 Nd3 26.Rf1 Rxc2 27.Nxc2 Rc8 28.Ne1 Nxe1 29.Rxe1
Qc3 30.Re2 Qa1+ {#R} 0-1

[Event "Ch City"]
[Site "masterchessopen.com Kimry (Russia)"]
[Date "2010.01.03"]
[Round "2"]
[White "Kolpakov Nikolay (RUS)"]
[Black "Volkov Nikita (RUS)"]
[Result "1-0"]
[WhiteElo "2223"]
[BlackElo "2056"]

1.d4 Nf6 2.Nf3 e6 3.c4 b6 4.g3 Bb7 5.Bg2 Bb4+ 6.Bd2 Be7 7.Nc3 O-O 8.O-O d5
9.cxd5 exd5 10.Rc1 Nbd7 11.Bf4 Nh5 12.Qb3 Nxf4 13.gxf4 c6 14.e3 Bd6 15.Rfd1
Rc8 16.Ne5 Bxe5 17.fxe5 Qg5 18.f4 Qg4 19.Kh1 Rfe8 20.Rg1 Qh4 21.Rcf1 Re6
22.Rf3 Rg6 23.Qc2 Rh6 24.Rh3 Qe7 25.Rxh6 gxh6 26.Bxd5+ {#r} 1-0

[Event "It (open) \"]
[Site "masterchessopen.com Moscow (Russia)"]
[Date "2010.02.12"]
[Round "4"]
[White "Ajrapetjan Yuriy (UKR)"]
[Black "Morovic Fernandez Ivan (CRO)"]
[Result "0-1"]
[WhiteElo "2499"]
[BlackElo "2580"]

1.d4 Nf6 2.c4 e6 3.Nf3 b6 4.g3 Bb7 5.Bg2 Bb4+ 6.Nbd2 c5 7.a3 Bxd2+ 8.Qxd2 cxd4
9.Qxd4 Nc6 10.Qf4 Na5 11.b4 Nb3 12.Rb1 Nxc1 13.Rxc1 O-O 14.O-O Qe7 15.Rfd1
Rac8 16.Nd4 Bxg2 17.Kxg2 a5 18.Qd2 axb4 19.axb4 Rfd8 20.Qb2 h6 21.Qb3 g6
22.Qa4 Ne4 23.Nb5 d5 24.cxd5 {#R} 0-1

[Event "It (open)"]
[Site "masterchessopen.com Chorzow (Poland)"]
[Date "2010.03.21"]
[Round "2"]
[White "Jopek Krzysztof (POL)"]
[Black "Kempa Stefan (POL)"]
[Result "0-1"]
[WhiteElo "1884"]
[BlackElo "2072"]

1.d4 Nf6 2.Nf3 e6 3.c4 b6 4.g3 Bb7 5.Bg2 Bb4+ 6.Bd2 a5 7.O-O O-O 8.Nc3 Ne4
9.a3 Nxd2 10.Qxd2 Be7 11.Rfd1 d6 12.e4 Nd7 13.b4 e5 14.d5 Nf6 15.Bh3 g6 16.Ne1
Nh5 17.Nc2 f5 18.b5 Bg5 19.Qd3 Qf6 20.Rf1 Bc8 21.f3 Qg7 22.Bg2 Bd7 23.Rf2 Rf7
24.Raf1 Raf8 25.Qe2 Qh6 26.Nd1 f4 27.gxf4 Nxf4 28.Qe1 Bh4 29.Qd2 Bxf2+ 30.Rxf2
Kg7 31.Ne1 Bh3 32.Ne3 Bxg2 {#R} 0-1

[Event "Ch Hessen (juniors) (under 16)"]
[Site "masterchessopen.com Bad Homburg (Germany)"]
[Round "7"]
[White "Boehnke Marc (GER)"]
[Black "Felczer David"]
[Result "1-0"]
[WhiteElo "1843"]
[BlackElo "1587"]

1.d4 Nf6 2.c4 e6 3.Nf3 b6 4.g3 Bb7 5.Bg2 Bb4+ 6.Nbd2 O-O 7.O-O Bxd2 8.Bxd2 Ne4
9.Qc2 Nxd2 10.Qxd2 d6 11.Qc2 Qe7 12.Ng5 Qxg5 13.Bxb7 Nd7 14.Bxa8 Rxa8 15.Rad1
f5 16.Qd2 Qe7 17.b4 e5 18.dxe5 Qxe5 19.Qd5+ Qxd5 20.Rxd5 g6 21.Rc1 Re8 22.Rd2
Rb8 23.f3 Kf7 24.Kf2 Ke7 25.h3 g5 26.Rd4 h6 27.h4 Rf8 28.hxg5 hxg5 29.Rh1 Ke6
30.Rd3 {#r} 1-0

[Event "It (open)"]
[Site "masterchessopen.com San Sebastian (Spain)"]
[Date "2010.04.04"]
[Round "9"]
[White "Pasanen Tuomo (FIN)"]
[Black "Baroja Arrue Miguel Maria (ESP)"]
[Result "0-1"]
[WhiteElo "1992"]
[BlackElo "1890"]

1.d4 Nf6 2.c4 e6 3.Nf3 b6 4.g3 Bb7 5.Bg2 Bb4+ 6.Nbd2 O-O 7.O-O d5 8.Ne5 Nbd7
9.Nd3 Be7 10.b4 c5 11.bxc5 bxc5 12.cxd5 Bxd5 13.e4 Bb7 14.e5 Nd5 15.Qg4 Ba6
16.Nf4 Bxf1 17.Nh5 g6 18.Bxf1 cxd4 19.Nf3 Qc7 20.Bf4 Nxf4 21.gxf4 Kh8 22.Bd3
gxh5 23.Qxh5 Rg8+ 24.Kf1 Rg7 25.h4 Qc3 26.Rd1 Nc5 27.Bb1 Rb8 28.Ne1 Rxb1
29.Rxb1 Qc4+ {#R} 0-1

[Event "It (open)"]
[Site "masterchessopen.com Botucatu  (Brazil)"]
[Date "2010.05.01"]
[Round "3"]
[White "Araujo Renan Aparecido (BRA)"]
[Black "Branchini Fernando Luis Sakamo"]
[Result "0-1"]
[WhiteElo "1917"]
[BlackElo "1870"]

1.d4 Nf6 2.c4 e6 3.Nf3 b6 4.g3 Bb7 5.Bg2 Bb4+ 6.Bd2 Be7 7.O-O O-O 8.Nc3 d6
9.Re1 Nbd7 10.e4 e5 11.d5 Nc5 12.Qe2 a5 13.Nh4 Bc8 14.Nf5 Re8 15.Nxe7+ Qxe7
16.h3 Nfd7 17.f4 exf4 18.gxf4 Qh4 19.e5 dxe5 20.Nb5 Na6 21.d6 e4 22.dxc7 Nf6
23.Bc3 Nc5 24.Nd6 Re6 25.Be5 Nd3 26.Nxe4 Nxe1 27.Nxf6+ gxf6 28.Bxa8 Qg3+
29.Kf1 Rxe5 30.Qf2 Bxh3+ 31.Bg2 Bxg2+ 32.Kg1 Nf3+ {#R} 0-1

[Event "Cup Serbia (team)"]
[Site "masterchessopen.com Kragujevac (Serbia)"]
[Date "2010.05.23"]
[Round "6"]
[White "Lajthajm Borko (SRB)"]
[Black "Cvetanovic Uros (SRB)"]
[Result "1-0"]
[WhiteElo "2492"]
[BlackElo "2218"]

1.d4 Nf6 2.c4 e6 3.Nf3 b6 4.g3 Bb7 5.Bg2 Bb4+ 6.Bd2 Bxd2+ 7.Qxd2 O-O 8.O-O d6
9.Nc3 Ne4 10.Nxe4 Bxe4 11.Qf4 Bb7 12.e4 Nd7 13.Rfd1 Qe7 14.e5 Bxf3 15.exd6
Qxd6 16.Qxf3 Rad8 17.Rac1 a5 18.c5 bxc5 19.dxc5 Qe5 20.Qa3 a4 21.Qxa4 Nf6
22.Qc2 Rb8 23.b3 h5 24.h4 g5 25.Re1 {#r} 1-0